| 000 | 00753nam a2200229 a 4500 | ||
|---|---|---|---|
| 005 | 20220923063952.0 | ||
| 008 | 181120s2017 mx r 000 0 spa d | ||
| 020 | _a9786077364610 (Fontamara) | ||
| 020 | _a9786075063072 (UAdeC) | ||
| 035 | _aUPN01000227930 | ||
| 049 | _aCG | ||
| 050 | 4 |
_aP92 M6 _bD4.7 |
|
| 245 | 0 | 0 |
_aDesafíos de la inclusión y procesos de comunicación / _ccoord. Andrea Aguilar Edwards. |
| 260 |
_aCiudad de México : _bFontamara : _bUAdeC, _c2017. |
||
| 300 |
_a169 p. : _bil., gráfs., tablas |
||
| 440 | 0 |
_aArgumentos ; _v432 |
|
| 650 | 4 |
_aCOMUNICACION - _xASPECTOS SOCIALES - _zMEXICO _927261 |
|
| 650 | 7 |
_aIntegración social _2 _97258 |
|
| 700 | 1 |
_aAguilar Edwards, Andrea, _ecoord. |
|
| 905 | _aLibro | ||
| 999 |
_c200025 _d200025 |
||